000 00252nam a2200109Ia 4500
008 200302s9999 xx 000 0 und d
100 _aD. M. Field
245 _aLeonardo Da Vinci
260 _bGrange Books Published
260 _c2002
300 _a446 P.,
999 _c1632
_d1632